000 00826nam a2200265Ia 4500
003 OSt
005 20220923215620.0
006 a|||||r|||| 00| 0
007 ta
008 220922b |||||||| |||| 00| 0 hin d
024 _a180,263
037 _cTextual
040 _aARTS
_cARTS
_bhin
041 _2hin
_ahin
082 _aO152,1N01x, L4
100 _aनिराला, सूर्यकान्त
245 0 _aआराधना
246 _aĀrādhanā
250 _aसंस्क0 3
260 _aइलाहाबाद
_b भारती भण्डार
_c1974
300 _a94 पृ.
_ccm.
650 _aहिन्दी साहित्य
_9156264
942 _hO152,1N01x, L4
_cTEXL
_2CC
999 _c333644
_d333644